Vainqueurs Championnat d'Europe - Statistiques

Statistiques générales
  • Ce quiz a été pris 148 fois
    50 depuis la dernière actualisation
  • Le résultat moyen est 9 sur 10
Statistiques - réponses
Victoires Éditions gagnantes Équipe % Correct
3 1972, 1980, 1996 Allemagne
100%
4 1964, 2008, 2012, 2024 Espagne
100%
2 1984, 2000 France
100%
2 1968, 2020 Italie
100%
1 2016 Portugal
100%
1 2004 Grèce
96%
1 1992 Danemark
81%
1 1988 Pays-Bas
81%
1 1960 Union soviétique
72%
1 1976 Tchécoslovaquie
62%
Aucun quiz correspondant
Distribution des résultats
% des personnes avec chaque résultat
Percentile par nombre de réponses
Votre historique - résultats
Vous n’avez pas pris ce quiz depuis la dernière actualisation